00541 2200193 4500001002100000005001500021035002000036245008700056100001700143250001700160300003500177700001200212700001800224260003800242082001000280084001600290020002200306650001900328INLIS00000000000111920250716113011 a0010-07250000251 aSenang Matematika 2 :bUntuk SD/MI Kelas 2 /cAmin Mustoha, Buchori, Erna Juliatin0 aAmin Mustoha aCetakan ke-1 aviii, 216 hlm :bIlus ;c25 cm0 aBuchori0 aErna Juliatun aJakarta :bPusat Perbukuan,c2008 a618.2 a618.2 AMI s a978-979-462-933-2 4aBuku Pelajaran